LIBRARY & INFORMATION CENTRE, KCAET, TAVANUR

ONLINE PUBLIC ACCESS CATALOGUE (OPAC)

Swinburne: A selection / (Record no. 4754)

MARC details
000 -LEADER
fixed length control field 00401cam a2200169ua 4500
041 ## - LANGUAGE CODE
Language code of text/sound track or separate title eng
082 ## - DEWEY DECIMAL CLASSIFICATION NUMBER
Classification number 821
Item number SWI/SW
100 ## - MAIN ENTRY--AUTHOR NAME
Personal name Swinburne, .
245 ## - TITLE STATEMENT
Title Swinburne: A selection /
260 ## - PUBLICATION, DISTRIBUTION, ETC. (IMPRINT)
Place of publication :
Name of publisher Weidenfield and Nicolson ,
Year of publication 1960.
300 ## - PHYSICAL DESCRIPTION
Number of Pages 286 ; .
942 ## - ADDED ENTRY ELEMENTS (KOHA)
Koha item type Books
Holdings
Withdrawn status Lost status Damaged status Home library Current library Date acquired Cost, normal purchase price Full call number Accession Number Koha item type Public note
Withdrawn     KAUAET Malayalam University 07/04/2012 25.00 821 7090 Books Transferred to Malayalam University
free website counter